000
00269nam a2200109Ia 4500
001
1272280
005
20260417151425.0
008
260417s9999 xx 000 0 und d
020
_a
9786257303439
245
0
_a
Dünya Gezegeni
_c
Chiara Piroddi
260
_b
Ketebe Çocuk
999
_c
1272280
_d
1272280